Statystyki dla WYMIEŃ ZAWÓD, W KTÓRYM CZĘSTO UŻYWA SIĘ LATARKI

Kliknij tutaj aby rozwiązać quiz!

Ogólne statystyki

  • Ten quiz został rozwiązany 30 razy
  • Średni wynik to 3 z 5

Statystyki odpowiedzi

Odpowiedź% Poprawnych
Górnik
91%
Policjant
57%
Mechanik
52%
Strażak
52%
Hydraulik
22%

Rozkład punktacji

Percentyl według liczby udzielonych odpowiedzi

Procent ludzi z każdym wynikiem

Twoja historia wyników

Nie rozwiązałeś tego quizu